Trapped by the ice! : (Record no. 3160)

MARC details
000 -LEADER
fixed length control field 01046pam a2200253 a 4500
005 - DATE AND TIME OF LATEST TRANSACTION
control field 20240215084558.0
020 ## - INTERNATIONAL STANDARD BOOK NUMBER
International Standard Book Number 9780802776334
040 ## - CATALOGING SOURCE
Original cataloging agency DLC
Transcribing agency DLC
Modifying agency DLC
Language of cataloging eng
050 00 - LIBRARY OF CONGRESS CALL NUMBER
Classification number G850.S53
Item number 1997
082 00 - DEWEY DECIMAL CLASSIFICATION NUMBER
Classification number 919.9804
100 1# - MAIN ENTRY--PERSONAL NAME
Personal name McCurdy, Michael
245 10 - TITLE STATEMENT
Title Trapped by the ice! :
Remainder of title Shackleton's amazing Antarctic adventure /
Statement of responsibility, etc. McCurdy, Michael
250 ## - EDITION STATEMENT
Edition statement First published in 1997
260 ## - PUBLICATION, DISTRIBUTION, ETC.
Place of publication, distribution, etc. New York :
Name of publisher, distributor, etc. Walker and Company,
Date of publication, distribution, etc. 1997
300 ## - PHYSICAL DESCRIPTION
Extent 39 pages :
Other physical details color illustrations, maps ;
Dimensions 24 cm .
505 ## - FORMATTED CONTENTS NOTE
Formatted contents note W <br/>
520 ## - SUMMARY, ETC.
Summary, etc. Describes the events of the 1914 Shackleton Antarctic expedition when, after being trapped in a frozen sea for nine months, the expedition ship, the Endurance, was finally crushed and Shackleton and his men made the very long and perilous journey across ice and stormy seas to reach inhabited land.
521 ## - TARGET AUDIENCE NOTE
Target audience note 880 <br/>
Source Lexile <br/>
521 ## - TARGET AUDIENCE NOTE
Target audience note W <br/>
Source Raz-Plus <br/>
650 ## - SUBJECT ADDED ENTRY--TOPICAL TERM
Topical term or geographic name entry element exploration
Form subdivision non-fiction
906 ## - LOCAL DATA ELEMENT F, LDF (RLIN)
a 7
b rip
c orignew
d 1
e ocip
f 19
g y-gencatlg
942 ## - ADDED ENTRY ELEMENTS (KOHA)
Source of classification or shelving scheme Dewey Decimal Classification
Koha item type Books
Suppress in OPAC No
999 ## -
-- 3160
-- 3160
Holdings
Withdrawn status Lost status Source of classification or shelving scheme Damaged status Not for loan Collection Home library Current library Shelving location Date acquired Total Checkouts Full call number Barcode Date last seen Price effective from Koha item type
    Dewey Decimal Classification     Non-Fiction Footprints International School Library Network Toul Kork Campus Footprints International School Library Network Toul Kork Campus TTP Secondary Non-Fiction Bookshelves 02/15/2024   MCC 919.9804 G850.S53 FISTK02292 02/15/2024 02/15/2024 Books